000 00914nam0a22002771 4500
001 rc\71294
005 20250630120253.0
010 _a5-87106-091-9
_bТекст
_950000
035 _a(NLR Aleph) 005343980
090 _a6724051
_c6724051
100 _a20021216d1994 |||y0rusy50 ca
101 0 _arus
102 _aRU
105 _ay |||||||||
200 1 _aДневник вора
_eРоман
_fЖан Жене
_gПеревод с фр. Н. Паниной
210 _aМ.
_cТекст
_cЛит.-изд. студия "РИФ"
_d1994
215 _a251, [3] с.
_d21
225 1 _aКоллекция
_v2
300 _aПеревод изд.: Journal du voleur / Jean Genet (Paris, 1949)
700 1 _7ca
_8rus
_aЖене
_bЖ.
_f1910-1986
_gЖан
_9174775
_3RU\NLR\AUTH\770174826
801 0 _aRU
_bNLR
_gpsbo
801 1 _aRU
_bELAR
_2rusmarc
852 _aNLR
_j94-3/4222
942 _cBOOK
980 _aNB